Pédagogie de la langue maternelle (Record no. 2396)

MARC details
000 -LEADER
fixed length control field 00638nam a2200229 4500
008 - FIXED-LENGTH DATA ELEMENTS--GENERAL INFORMATION
fixed length control field s1974 fr fre u
040 ## - CATALOGING SOURCE
Original cataloging agency LB-BrCRDP
082 1# - DEWEY DECIMAL CLASSIFICATION NUMBER
Classification number 372.6
Item number REP
100 1# - MAIN ENTRY--PERSONAL NAME
Personal name Repusseau, Jean
245 10 - TITLE STATEMENT
Title Pédagogie de la langue maternelle
Statement of responsibility, etc. Jean Repusseau
250 ## - EDITION STATEMENT
Edition statement 2e éd.
260 ## - PUBLICATION, DISTRIBUTION, ETC.
Place of publication, distribution, etc. Paris
Name of publisher, distributor, etc. Puf
Date of publication, distribution, etc. 1974
300 ## - PHYSICAL DESCRIPTION
Extent 146 p.
Dimensions 18 cm
490 0# - SERIES STATEMENT
Series statement Collection SUP
500 ## - GENERAL NOTE
General note Table des matières.
650 4# - SUBJECT ADDED ENTRY--TOPICAL TERM
Topical term or geographic name entry element Enseignement des langues
650 4# - SUBJECT ADDED ENTRY--TOPICAL TERM
Topical term or geographic name entry element Langue maternelle
650 4# - SUBJECT ADDED ENTRY--TOPICAL TERM
Topical term or geographic name entry element Pédagogie
650 4# - SUBJECT ADDED ENTRY--TOPICAL TERM
Topical term or geographic name entry element Ecole élémentaire
942 ## - ADDED ENTRY ELEMENTS (KOHA)
Koha item type Books
Holdings
Withdrawn status Lost status Source of classification or shelving scheme Damaged status Not for loan Home library Current library Shelving location Date acquired Source of acquisition Cost, normal purchase price Total Checkouts Full call number Barcode Date last seen Copy number Price effective from Koha item type
    Dewey Decimal Classification     مكتبة دار المعلمين و المعلمات - زحلة مكتبة دار المعلمين و المعلمات - زحلة Salle de Lecture 06/27/2007 CRDP 0.00   372.6 REP CRZ2500 07/27/2016 1 07/27/2016 Books